Gender, language and discourse
Αποθηκεύτηκε σε:
| Κύριος συγγραφέας: | |
|---|---|
| Μορφή: | Βιβλίο |
| Γλώσσα: | English |
| Δημοσίευση: |
Hove :
Routledge,
2002
|
| Σειρά: | Women and psychology
|
| Θέματα: | |
| Ετικέτες: |
Προσθήκη ετικέτας
Δεν υπάρχουν, Καταχωρήστε ετικέτα πρώτοι!
|
MARC
| LEADER | 00000nam a2200000 i 4500 | ||
|---|---|---|---|
| 001 | 1/40309 | ||
| 008 | 070125s2002 eng d | ||
| 020 | |a 0-415-16905-4 (hbk) | ||
| 035 | |l 10086803 | ||
| 040 | |a GR-MY-UA |b gre |e aacr | ||
| 041 | 0 | |a eng | |
| 082 | 0 | |a 401.41019 |2 (22) | |
| 100 | 1 | |a Weatherall, Ann |d 1964- | |
| 245 | 1 | 0 | |a Gender, language and discourse / |c Ann Weatherall |
| 260 | |a Hove : |b Routledge, |c 2002 | ||
| 300 | |a 177 σ.; |c 24 εκ. | ||
| 490 | 1 | |a Women and psychology | |
| 504 | |a Βιβλιογραφία: σ. 157-174.Ευρετήριο | ||
| 650 | 0 | 0 | |a Language and sex. |
| 650 | 0 | 0 | |a Discourse analysis. |
| 650 | 0 | 0 | |a Conversation analysis. |
| 650 | 0 | 0 | |a Gender identity. |
| 830 | 0 | |a Women and psychology | |
| 852 | |a INST |b RHODES |e 20070125 |h 401.41019 WEA |p 005400027056 |q 005400027056 |t BK |y 0 | ||
| 901 | |a BIBL4-2007-1 | ||
| 909 | |a Ρ |b 127663 | ||
| 920 | |a ΚΕΝΤΡΙΚΗ ΔΡΑΣΗ ΦΥΛΟΥ |b ΕΠΕΑΕΚ ΙΙ- ΤΕΠΑΕΣ |y ΡΟΔΟΣ |z 2007-01 | ||
| 970 | |a ΜΙΣΣΟΣ |b ΣΤΑΥΡΟΣ |z 2007/01/25 | ||